00653 a2200193 4500010001400000020002600014035001300040037001400053082001000067100002200077245011900099250001200218260004500230300006200275500005000337650002700387700002200414700002300436 aENG-86210 a9788120331594c575.00 aEN-69743 bDBAD/ PUB14a658.51 aKrajewski, Lee J.1 aOperations management :bprocesses and value chains /cLee J. Krajewski, Larry P. Ritzman [and] Manoj K. Malhorta. a8th ed. aNew DelhibPrentice Hall of Indiac2007. axv, 728 p.bcol. ill.c29 cm (PBK)e1 CD-ROM (4 3/4 in.). aIncludes bibliographical references and index 0aProduction management.1 aRitzman, Larry P.1 aMalhorta, Manoj K.